IQ test - Statistics

General Stats
  • This quiz has been taken 632 times
  • The average score is 9 of 15
Answer Stats
Question Answer % Correct
A farmer has 17 sheep. All but 9 run away. How many are left? 9
88%
What number comes next? 2, 6, 12, 20, 30, ? → 42
86%
If you are in a race and you pass the person in second place, what place are you? 2
85%
A snail climbs 3 m up a 20 m well each day but slips 2 m back at night. How many days to reach the top? 18
77%
Rearrange the letters “LEPAP” to form a fruit. apple
76%
If you rearrange the letters in “CIFAIPC” you get the name of a pacific ocean
76%
What is the missing number? 3, 9, 27, 81, ? → 243
70%
A bat and a ball cost $1.10 in total. The bat costs $1.00 more than the ball. How much does the ball cost? 0.05
68%
Which number is 1/4 of 1/2 of 1/5 of 200? 5
56%
A cube has edges of length 3 cm. What is its volume? 27
47%
What is 144 ÷ 12 × 3? 36
43%
If 5 cats catch 5 mice in 5 minutes, how many cats are needed to catch 100 mice in 100 minutes? 5
30%
What is the 10th prime number? 29
29%
Which comes next? JFMAMJJASO? n
25%
If ALL Smeefs are Bloogs, and some Bloogs are Largs, can we say some Smeefs are definitely Largs? no
20%
No matching quizzes found
Score Distribution
Percent of People with Each Score
Percentile by Number Answered
Your Score History
You have not taken this quiz